<?xml version="1.0" encoding="UTF-8"?>
<record
    xmlns:xsi="http://www.w3.org/2001/XMLSchema-instance"
    xsi:schemaLocation="http://www.loc.gov/MARC21/slim http://www.loc.gov/standards/marcxml/schema/MARC21slim.xsd"
    xmlns="http://www.loc.gov/MARC21/slim">

  <leader>02842ngm a22003017a 4500</leader>
  <controlfield tag="005">20160714091105.0</controlfield>
  <controlfield tag="008">160714t20062008mx 097|b |||| s0| v ara d</controlfield>
  <datafield tag="020" ind1="4" ind2=" ">
    <subfield code="a">9707332296</subfield>
  </datafield>
  <datafield tag="028" ind1="4" ind2=" ">
    <subfield code="a">789707332294</subfield>
  </datafield>
  <datafield tag="050" ind1="0" ind2="0">
    <subfield code="a">PN1995.9.</subfield>
    <subfield code="b">C65 2008</subfield>
  </datafield>
  <datafield tag="245" ind1="0" ind2="3">
    <subfield code="a">El color de los olivos</subfield>
    <subfield code="b">Una historia de la vida cotidiana en Palestina</subfield>
    <subfield code="c">directora Carolina Rivas ; producida por Daoud Sarhandi.</subfield>
    <subfield code="h">[videograbaci&#xF3;n]</subfield>
  </datafield>
  <datafield tag="260" ind1=" " ind2=" ">
    <subfield code="a">M&#xE9;xico :</subfield>
    <subfield code="b">Ensenada Films,</subfield>
    <subfield code="c">2008</subfield>
  </datafield>
  <datafield tag="300" ind1=" " ind2=" ">
    <subfield code="a">1 videodisco  (97 min.)</subfield>
    <subfield code="b">sonido, color</subfield>
    <subfield code="c">4 3/4 plg.</subfield>
  </datafield>
  <datafield tag="508" ind1=" " ind2=" ">
    <subfield code="a">	Asistente de direccio&#xCC;&#x81;n Miriam Dalu ; Online Ricardo Garfias y Daoud Sarhandi ; incidentales Francisco Bribiesca ; audio post de incidentales Juan Amezaga ; sonido, disen&#xCC;&#x83;o sonoro, fotografi&#xCC;&#x81;a y edicio&#xCC;&#x81;n por Daoud Sarhandi ; disen&#xCC;&#x83;o sonoro adicional y mezcla stereo Jacobo Marti&#xCC;&#x81;nez.</subfield>
  </datafield>
  <datafield tag="511" ind1="0" ind2=" ">
    <subfield code="a">Familia Amer: Hani, Monira, Nidal, Hisham, Asia, Ishak, Maisa y Shaddad.</subfield>
  </datafield>
  <datafield tag="520" ind1=" " ind2=" ">
    <subfield code="a">Como muchas familias palestinas, los Amers viven rodeados por el infame muro en Cisjordania. Su vida cotidiana est&#xE1; dominada por puertas electrificadas, candados y la presencia constante de soldados. A trav&#xE9;s de una lente sensible, descubrimos el mundo privado de ocho miembros de la familia. En el transcurrir de sus d&#xED;as se revelan sus luchas constantes y los peque&#xF1;os detalles de su vida: incluyendo &#xE1;rboles de olivo, dos burros peque&#xF1;os y las amistades de la escuela. El contacto cotidiano con todos estos elementos nos revelan un mundo desconocido del pueblo palestino. La historia de la familia Amer constituye un punto de partida para hacer una compleja reflexi&#xF3;n sobre los efectos de la segregaci&#xF3;n racial, las fronteras y lo absurdo de la guerra.</subfield>
  </datafield>
  <datafield tag="530" ind1=" " ind2=" ">
    <subfield code="a">Clasificacio&#xCC;&#x81;n B-15.</subfield>
  </datafield>
  <datafield tag="538" ind1=" " ind2=" ">
    <subfield code="a">DVD ; regio&#xCC;&#x81;n 1 y 4 ; widescreen ; Dolby digital stereo 2.0.</subfield>
  </datafield>
  <datafield tag="546" ind1=" " ind2=" ">
    <subfield code="a">&#xC1;rabe, con subt&#xED;tulos en espa&#xF1;ol, ingl&#xE9;s y franc&#xE9;s.</subfield>
  </datafield>
  <datafield tag="586" ind1=" " ind2=" ">
    <subfield code="a">	Ganadora Valor en la filmacio&#xCC;&#x81;n Women Film Critics por Circle Awards, 2006 en E.U.A. ; ganadora a la mejor direccio&#xCC;&#x81;n por Golden Monbar, 2007 en Rusia ; ganadora en la realizacio&#xCC;&#x81;n artistica por Big Sky, 2007 E.U.A. ; mencio&#xCC;&#x81;n especial por Docu&#xCC;&#x81;polis, 2006 en Espan&#xCC;&#x83;a ; mencio&#xCC;&#x81;n especial, contra el silencio todas las voces, 2008 en Me&#xCC;&#x81;xico ; mencio&#xCC;&#x81;n especial por cine del pobre, 2008 en Cuba ; seleccio&#xCC;&#x81;n oficial en Dubai Festival Internacional de cine, 2006, Jerusale&#xCC;&#x81;n Festival Internacional de Cine 2007, Taipei Festival Internacional de Cine, 2008 y ma&#xCC;&#x81;s de 70 festivales.</subfield>
  </datafield>
  <datafield tag="651" ind1=" " ind2=" ">
    <subfield code="a">&#xC1;rabes palestinos -  Condiciones sociales.</subfield>
    <subfield code="x">familias musulmanas - Cisjordania.</subfield>
  </datafield>
  <datafield tag="700" ind1="1" ind2=" ">
    <subfield code="a">Rivas, Carolina</subfield>
    <subfield code="e">directora </subfield>
  </datafield>
  <datafield tag="700" ind1="1" ind2=" ">
    <subfield code="a">Sarhandi, Daoud</subfield>
    <subfield code="e">productor</subfield>
  </datafield>
  <datafield tag="710" ind1="2" ind2=" ">
    <subfield code="a"> Cinema Films</subfield>
  </datafield>
  <datafield tag="710" ind1="2" ind2=" ">
    <subfield code="a">Primavera Kin (Firm)</subfield>
  </datafield>
  <datafield tag="710" ind1="2" ind2=" ">
    <subfield code="a">Creadores contempor&#xE1;neos </subfield>
  </datafield>
  <datafield tag="942" ind1=" " ind2=" ">
    <subfield code="2">lcc</subfield>
    <subfield code="c">PEL</subfield>
  </datafield>
  <datafield tag="999" ind1=" " ind2=" ">
    <subfield code="c">118317</subfield>
    <subfield code="d">118317</subfield>
  </datafield>
  <datafield tag="952" ind1=" " ind2=" ">
    <subfield code="0">0</subfield>
    <subfield code="1">0</subfield>
    <subfield code="2">lcc</subfield>
    <subfield code="4">0</subfield>
    <subfield code="7">0</subfield>
    <subfield code="a">LIC-047</subfield>
    <subfield code="b">LIC-047</subfield>
    <subfield code="c">MA</subfield>
    <subfield code="d">2016-07-14</subfield>
    <subfield code="h">VBFP000146</subfield>
    <subfield code="o">PN1995.9.P24 C65 2008</subfield>
    <subfield code="p">VBFP000146</subfield>
    <subfield code="r">2016-07-14 00:00:00</subfield>
    <subfield code="t">1</subfield>
    <subfield code="w">2016-07-14</subfield>
    <subfield code="y">PEL</subfield>
  </datafield>
</record>
